Sesso perverso /

Guardat en:
Dades bibliogràfiques
Autor principal: Filner, Patrizia (Autor)
Format: Llibre
Idioma:italià
Publicat: Milano : Società Editoriale Attualità, 1967
Col·lecció:Poker d'assi ; 12
Etiquetes: Afegir etiqueta
Sense etiquetes, Sigues el primer a etiquetar aquest registre!

MARC

LEADER 00000nam a22000007i 4500
001 IT\ICCU\UBO\3457673
003 ItRI
005 20260115232332.0
008 080716s1967 it |||||| |||||0|||||c
040 |b ita  |c importazione bologna sebina 
041 7 |a ita  |2 ISO-639-2 
100 1 |a Filner, Patrizia  |0 IT\ICCU\UBOV\249631  |4 aut 
240 1 0 |a Sesso perverso  |3 IT\ICCU\RAV\2145188  |9 Filner, Patrizia 
245 1 0 |a Sesso perverso /  |c Patrizia Filner. 
260 |a Milano :  |b Società Editoriale Attualità,  |c 1967 
300 |a 155 p. :  |b ill. ;  |c 17 cm 
752 |a it   |d Milano 
830 0 |a Poker d'assi ;  |v 12  |0 IT\ICCU\PAL\0025088 
942 |2 ddc  |c BK  |n 0 
952 |0 0  |1 0  |4 0  |6 DOC_306_770000000000000_FIL  |7 0  |9 24390  |a BO  |b BO  |d 2026-01-15  |i 475  |l 0  |o DOC 306.77 FIL  |p BO475  |r 2026-01-15 23:23:32  |w 2026-01-15  |x [Sebina 7] [1 v.]  |y BK  |z 1 v. 
999 |c 20762  |d 20762